| 000 | 00917nam a22002177a 4500 | ||
|---|---|---|---|
| 003 | OSt | ||
| 005 | 20260122192357.0 | ||
| 008 | 230331b ||||| |||| 00| 0 eng d | ||
| 040 | _cOst | ||
| 041 | _ashan | ||
| 082 | _a294.3092 | ||
| 245 |
_aပီၵွၼ်းၶမ်းၸဝ်ႈသြႃႇၵဝိထၸဝိႁၢရ်ၼွင်မွၼ်တူင်ႇဝဵင်းလႃႈသဵဝ်ႈ။ _cၸဝ်ႈၶူးသီႇရိိၶမ်း ၶပ်းၶိုင်- |
||
| 260 |
_aတႃႈၵုင်ႈ _bၵတ်း _c2018 |
||
| 300 |
_avi၊ 159 ၼႃႈ _bၶႅပ်းႁၢင်ႈ _c21 ၸိၼ်ႇထီႇ |
||
| 500 | _aS-SAT: Dr. Prof Sai Aung Tun | ||
| 504 | _aပႃးၽိုၼ်ဢိင် | ||
| 650 |
_aထေရုပ်ႉပတ်ႉတိ (ပပ်ႉတီႈမၢႆတွင်း) _965619 |
||
| 942 | _cBK | ||
| 942 | _2ddc | ||
| 942 | _2ddc | ||
| 999 |
_c23639 _d23639 |
||